Richard Rand 50th anniversary volume
"Consists of a collection of articles, dedicated to Richard Rand, Professor of Theoretical and Applied Mechanics at Cornell, on the occasion of his fiftieth birthday on June 8, 1993"--Page vii.; Includes bibliographical references and indexes.
Spremljeno u:
| Glavni autor: | |
|---|---|
| Daljnji autori: | |
| Format: | Knjiga |
| Jezik: | Undetermined |
| Izdano: |
Singapore
World Scientific
1997
|
| Teme: | |
| Online pristup: | http://lrc.tdmu.edu.vn/opac/search/detail.asp?aID=2&ID=33049 |
| Oznake: |
Dodaj oznaku
Bez oznaka, Budi prvi tko označuje ovaj zapis!
|
| Thư viện lưu trữ: | Trung tâm Học liệu Trường Đại học Thủ Dầu Một |
|---|
| LEADER | 00930nam a2200205Ia 4500 | ||
|---|---|---|---|
| 001 | TDMU_33049 | ||
| 008 | 210410s9999 xx 000 0 und d | ||
| 082 | |a 838.9203 | ||
| 090 | |b G521 | ||
| 100 | |a Gurran, Ardéshir | ||
| 245 | 0 | |a Richard Rand 50th anniversary volume | |
| 260 | |a Singapore | ||
| 260 | |b World Scientific | ||
| 260 | |c 1997 | ||
| 300 | |a xvii, 229 pages | ||
| 520 | |a "Consists of a collection of articles, dedicated to Richard Rand, Professor of Theoretical and Applied Mechanics at Cornell, on the occasion of his fiftieth birthday on June 8, 1993"--Page vii.; Includes bibliographical references and indexes. | ||
| 650 | |a Dynamics.; Nonlinear theories; Động lực học; Lý thuyết phi tuyến; Rand, R. H. |q (Richard H.) | ||
| 700 | |a Guran, A | ||
| 856 | |u http://lrc.tdmu.edu.vn/opac/search/detail.asp?aID=2&ID=33049 | ||
| 980 | |a Trung tâm Học liệu Trường Đại học Thủ Dầu Một | ||